| 000 | 00509nam a2200133Ia 4500 | ||
|---|---|---|---|
| 008 | 171212s9999 xx 000 0 und d | ||
| 020 | _a9780833036469 | ||
| 100 | _aWu, Felicia;Butz, William | ||
| 245 |
_cWu, Felicia;Butz, William _aThe Future of Genetically Modified Crops _bLessons from the Green Revolution |
||
| 260 |
_bRAND Corporation _c2004 |
||
| 650 | _aTechnology | ||
| 650 | _aTransgenic plants; Crops -- Genetic engineering; Green revolution | ||
| 856 | _uhttp://www.jstor.org/stable/10.7249/mg161rc | ||
| 999 |
_c352660 _d352660 |
||